| 000 | 00571 a2200169 4500 | ||
|---|---|---|---|
| 020 | _c1600.00 | ||
| 035 | _aB-79938 | ||
| 037 | _bRP-R-0 / ARYAN B I-03-04:101 / RP-03-04:ENG | ||
| 082 | 1 | 4 | _a954.11 |
| 090 |
_c2014 _d2014 |
||
| 100 | 1 | _aAgarwal, R.C. | |
| 245 | 1 |
_aKashmir and its monumental glory _cby R.C. Agarwal |
|
| 260 |
_aNew Delhi _bAryan Book International _c1998 |
||
| 300 |
_axxv, 208 p _bfig. & maps, plates, (B&W) _c30 cm (HB) |
||
| 942 |
_adpl _cEN _k954.11 / AGA |
||
| 999 |
_c1980 _d1980 |
||